000 00529nam a2200217Ia 4500
003 OSt
005 20220928135525.0
006 a|||||r|||| 00| 0
007 ta
008 220927b |||||||| |||| 00| 0 eng d
024 _a2768
037 _cTextual
040 _aSDCL
_cSDCL
_beng
041 _2eng
_aeng
082 _aX:514, L3
100 _aHudson Cyril L
_9491202
245 0 _aMaking of a modern salesman
260 _c1973
942 _hX:514, L3
_cTEXL
_2CC
999 _c806577
_d806577